UN IDEAS THAT CHANGED THE WORLD (Record no. 33275)

MARC details
000 -LEADER
fixed length control field 00311nam a22001337a 4500
003 - CONTROL NUMBER IDENTIFIER
control field SGT
020 ## - INTERNATIONAL STANDARD BOOK NUMBER
International Standard Book Number 9780253221186
082 ## - DEWEY DECIMAL CLASSIFICATION NUMBER
Classification number 341.23
Item number JOL
100 ## - MAIN ENTRY--PERSONAL NAME
Personal name JOLLY RICHARD
245 ## - TITLE STATEMENT
Title UN IDEAS THAT CHANGED THE WORLD
260 ## - PUBLICATION, DISTRIBUTION, ETC. (IMPRINT)
Place of publication, distribution, etc BLOOMINGTON
Name of publisher, distributor, etc INDIANA UNIVERSITY PRESS
Year of Publication 2009
300 ## - PAGE DESCRIPTION
No. of Pages 310
942 ## - ADDED ENTRY ELEMENTS (KOHA)
Source of classification or shelving scheme Dewey Decimal Classification
Koha item type Books
Holdings
Withdrawn status Lost status Source of classification or shelving scheme Damaged status Not for loan Collection code Home library Current library Shelving location Date acquired SGTU Total Checkouts Full call number Accession No. (Barcode) Date last seen Bill Date Koha item type
    Dewey Decimal Classification   Not For Loan LAW SGT Science & Social Sciences Library SGT Science & Social Sciences Library Reference Book 08/01/2026 SGTU   341.23 JOL FL3895 08/01/2026 08/01/2026 Books